000 00334nam a2200133Ia 4500
008 240624s9999 xx 000 0 und d
041 _aeng
082 _a368 CHA
100 _aTSE YIU KUEN
245 _aFINANCIAL AND ACTUARIAL MATHEMATICS
260 _c2007
_aSingaphore
_bMcGraw-Hill Education
300 _a352 : p
365 _c
_b30
999 _c15177
_d15177